<?xml version="1.0" encoding="UTF-8"?>
<collection xmlns="http://www.loc.gov/MARC21/slim">
 <record>
  <leader>02471cam a2200529   4500</leader>
  <controlfield tag="001">1611221943</controlfield>
  <controlfield tag="003">DE-627</controlfield>
  <controlfield tag="005">20250113155019.0</controlfield>
  <controlfield tag="007">tu</controlfield>
  <controlfield tag="008">141002s2014    xx |||||      00| ||fre c</controlfield>
  <datafield tag="020" ind1=" " ind2=" ">
   <subfield code="a">9782356131041</subfield>
   <subfield code="9">978-2-35613-104-1</subfield>
  </datafield>
  <datafield tag="020" ind1=" " ind2=" ">
   <subfield code="z">9782356131011</subfield>
  </datafield>
  <datafield tag="035" ind1=" " ind2=" ">
   <subfield code="a">(DE-627)1611221943</subfield>
  </datafield>
  <datafield tag="035" ind1=" " ind2=" ">
   <subfield code="a">(DE-576)415065283</subfield>
  </datafield>
  <datafield tag="035" ind1=" " ind2=" ">
   <subfield code="a">(DE-599)BSZ415065283</subfield>
  </datafield>
  <datafield tag="035" ind1=" " ind2=" ">
   <subfield code="a">(OCoLC)916309347</subfield>
  </datafield>
  <datafield tag="035" ind1=" " ind2=" ">
   <subfield code="a">(OCoLC)894715405</subfield>
  </datafield>
  <datafield tag="040" ind1=" " ind2=" ">
   <subfield code="a">DE-627</subfield>
   <subfield code="b">ger</subfield>
   <subfield code="c">DE-627</subfield>
   <subfield code="e">rakwb</subfield>
  </datafield>
  <datafield tag="041" ind1=" " ind2=" ">
   <subfield code="a">fre</subfield>
   <subfield code="a">ger</subfield>
   <subfield code="a">ita</subfield>
  </datafield>
  <datafield tag="084" ind1=" " ind2=" ">
   <subfield code="a">6,14</subfield>
   <subfield code="2">ssgn</subfield>
  </datafield>
  <datafield tag="245" ind1="1" ind2="3">
   <subfield code="a">La villégiature dans le monde romain de Tibère à Hadrien; actes du IXe congrès de la SIÉN</subfield>
   <subfield code="c">éd. par Olivier Devillers</subfield>
  </datafield>
  <datafield tag="264" ind1=" " ind2="1">
   <subfield code="a">Paris [u.a.]</subfield>
   <subfield code="b">De Boccard</subfield>
   <subfield code="c">2014</subfield>
  </datafield>
  <datafield tag="300" ind1=" " ind2=" ">
   <subfield code="a">380 S.</subfield>
   <subfield code="b">Ill., Kt.</subfield>
  </datafield>
  <datafield tag="336" ind1=" " ind2=" ">
   <subfield code="a">Text</subfield>
   <subfield code="b">txt</subfield>
   <subfield code="2">rdacontent</subfield>
  </datafield>
  <datafield tag="337" ind1=" " ind2=" ">
   <subfield code="a">ohne Hilfsmittel zu benutzen</subfield>
   <subfield code="b">n</subfield>
   <subfield code="2">rdamedia</subfield>
  </datafield>
  <datafield tag="338" ind1=" " ind2=" ">
   <subfield code="a">Band</subfield>
   <subfield code="b">nc</subfield>
   <subfield code="2">rdacarrier</subfield>
  </datafield>
  <datafield tag="490" ind1="1" ind2=" ">
   <subfield code="a">Neronia</subfield>
   <subfield code="v">9</subfield>
  </datafield>
  <datafield tag="490" ind1="1" ind2=" ">
   <subfield code="a">Scripta antiqua</subfield>
   <subfield code="v">62</subfield>
  </datafield>
  <datafield tag="500" ind1=" " ind2=" ">
   <subfield code="a">Beitr. teilw. franz., teilw. dt., teilw. ital., teilw. engl</subfield>
  </datafield>
  <datafield tag="583" ind1="1" ind2=" ">
   <subfield code="a">Archivierung/Langzeitarchivierung gewährleistet</subfield>
   <subfield code="f">SSG</subfield>
   <subfield code="x">XA-DE-BW</subfield>
   <subfield code="2">pdager</subfield>
   <subfield code="5">DE-16</subfield>
  </datafield>
  <datafield tag="655" ind1=" " ind2="7">
   <subfield code="a">Konferenzschrift</subfield>
   <subfield code="y">2012</subfield>
   <subfield code="z">Menaggio</subfield>
   <subfield code="0">(DE-588)1071861417</subfield>
   <subfield code="0">(DE-627)826484824</subfield>
   <subfield code="0">(DE-576)433375485</subfield>
   <subfield code="2">gnd-content</subfield>
  </datafield>
  <datafield tag="689" ind1="0" ind2="0">
   <subfield code="d">g</subfield>
   <subfield code="0">(DE-588)4076778-4</subfield>
   <subfield code="0">(DE-627)106082094</subfield>
   <subfield code="0">(DE-576)209202882</subfield>
   <subfield code="a">Römisches Reich</subfield>
   <subfield code="2">gnd</subfield>
  </datafield>
  <datafield tag="689" ind1="0" ind2="1">
   <subfield code="d">s</subfield>
   <subfield code="0">(DE-588)4248699-3</subfield>
   <subfield code="0">(DE-627)104792787</subfield>
   <subfield code="0">(DE-576)210498641</subfield>
   <subfield code="a">Sommerfrische</subfield>
   <subfield code="2">gnd</subfield>
  </datafield>
  <datafield tag="689" ind1="0" ind2="2">
   <subfield code="a">z</subfield>
   <subfield code="2">gnd</subfield>
   <subfield code="a">Geschichte 14-138</subfield>
  </datafield>
  <datafield tag="689" ind1="0" ind2=" ">
   <subfield code="5">(DE-627)</subfield>
  </datafield>
  <datafield tag="700" ind1="1" ind2=" ">
   <subfield code="a">Devillers, Olivier</subfield>
   <subfield code="d">1962-</subfield>
   <subfield code="0">(DE-588)1011781441</subfield>
   <subfield code="0">(DE-627)659319969</subfield>
   <subfield code="0">(DE-576)343663627</subfield>
   <subfield code="4">oth</subfield>
  </datafield>
  <datafield tag="710" ind1="2" ind2=" ">
   <subfield code="a">Société Internationale d'Études Néroniennes</subfield>
   <subfield code="0">(DE-588)236014-7</subfield>
   <subfield code="0">(DE-627)103314695</subfield>
   <subfield code="0">(DE-576)19240590X</subfield>
   <subfield code="4">oth</subfield>
  </datafield>
  <datafield tag="787" ind1="0" ind2="8">
   <subfield code="i">Rezensiert in</subfield>
   <subfield code="a">Buisson, André</subfield>
   <subfield code="t">[Rezension von: Olivier Devillers (Hrsg.), La villégiature dans le monde romain de Tibère à Hadrien]</subfield>
   <subfield code="d">2016</subfield>
   <subfield code="w">(DE-627)1816961825</subfield>
  </datafield>
  <datafield tag="830" ind1=" " ind2="0">
   <subfield code="a">Neronia</subfield>
   <subfield code="v">9</subfield>
   <subfield code="9">2014,9</subfield>
   <subfield code="w">(DE-627)165662956</subfield>
   <subfield code="w">(DE-576)016173848</subfield>
   <subfield code="w">(DE-600)804373-5</subfield>
   <subfield code="7">ns</subfield>
  </datafield>
  <datafield tag="830" ind1=" " ind2="0">
   <subfield code="a">Ausonius éditions</subfield>
   <subfield code="p">Scripta antiqua</subfield>
   <subfield code="v">62</subfield>
   <subfield code="9">62</subfield>
   <subfield code="w">(DE-627)492855714</subfield>
   <subfield code="w">(DE-576)087493829</subfield>
   <subfield code="w">(DE-600)2195953-5</subfield>
   <subfield code="x">1298-1990</subfield>
   <subfield code="7">ns</subfield>
  </datafield>
  <datafield tag="856" ind1="4" ind2="2">
   <subfield code="u">https://swbplus.bsz-bw.de/bsz415065283inh.htm</subfield>
   <subfield code="m">B:DE-576;DE-16</subfield>
   <subfield code="q">application/pdf</subfield>
   <subfield code="v">20150114095551</subfield>
   <subfield code="x">Verlag</subfield>
   <subfield code="3">Inhaltsverzeichnis</subfield>
  </datafield>
  <datafield tag="951" ind1=" " ind2=" ">
   <subfield code="a">BO</subfield>
  </datafield>
  <datafield tag="990" ind1=" " ind2=" ">
   <subfield code="a">Römisches Reich</subfield>
  </datafield>
  <datafield tag="990" ind1=" " ind2=" ">
   <subfield code="a">Sommerfrische</subfield>
  </datafield>
  <datafield tag="990" ind1=" " ind2=" ">
   <subfield code="a">Geschichte 14-138</subfield>
  </datafield>
  <datafield tag="991" ind1=" " ind2=" ">
   <subfield code="a">Rezensiertes Werk</subfield>
  </datafield>
  <datafield tag="999" ind1=" " ind2=" ">
   <subfield code="a">KXP-PPN1611221943</subfield>
   <subfield code="e">4190287032</subfield>
  </datafield>
 </record>
</collection>
